「ベツ」がつく漢字の北海道の地名 - Statistics

General Stats
  • This quiz has been taken 222 times
    113 since last reset
  • The average score is 18 of 223
Answer Stats
市区町村 〜ベツ % Correct
江別市 江別
72%
士別市・剣淵町・幌加内町 士別
71%
登別市 登別
68%
札幌市北区・北斗市・岩内町・石狩市・当別町・月形町 当別
65%
千歳市・恵庭市・長万部町・紋別市・伊達市・大樹町・広尾町 紋別
57%
寿都町・蘭越町・羽幌町・枝幸町・斜里町・登別市 幌別
53%
陸別町 陸別
53%
本別町・別海町 | 鹿部町 本別
52%
名寄市・幕別町 幕別
50%
芦別市・三笠市・南富良野町 芦別
49%
壮瞥町 壮瞥
48%
愛別町・上川町 愛別
47%
札幌市白石区・南区・厚別区・清田区・江別市・日高町 厚別
46%
喜茂別町 喜茂別
45%
初山別村・遠別 遠別
45%
津別町・弟子屈町 津別
45%
留別村 留別
45%
中標津町・標津町 標津
43%
初山別村・遠別 初山別
42%
中札内村・更別村 更別
41%
留夜別村 留夜別
40%
音威子府村・浜頓別町・中頓別町 頓別
37%
深川市・妹背牛町・秩父別町・沼田町 秩父別
36%
湧別町 湧別
36%
日高町・様似町 門別
36%
釧路市 音別
27%
新ひだか町 静内東別
24%
留萌市・稚内市 豊別
20%
室蘭市・登別市 鷲別
20%
厚岸町 大別
18%
真狩村 南別
17%
網走市・美幌町・大空町 女満別
17%
標茶町・別海町 西別
17%
小清水町・日高町 止別
15%
札幌市西区 小別
14%
今金町・せたな町・池田町・豊頃町・本別町・足寄町・陸別町 利別
13%
えりも町 苫別
13%
白糠町 泊別
13%
京極町・倶知安町 寒別
12%
仁木町・下川町・帯広市・音更町・鹿追町・新得町・清水町 然別
12%
浜中町・根室市 姉別
12%
釧路市 尺別
11%
千歳市 内別
10%
寿都町・蘭越町・留寿都村・喜茂別町・京極町・倶知安町・伊達市 尻別
10%
浦幌町・釧路市 直別
10%
むかわ町 穂別
9%
幕別町 稲士別
9%
釧路市 雄別
9%
天塩町・幌延町 問寒別
8%
猿払村 鬼志別
8%
更別村・幕別町 猿別
8%
北広島市 三別
7%
斜里町 海別
7%
弟子屈町 鐺別
7%
増毛町 暑寒別
6%
苫前町・羽幌町 三毛別
6%
伊達市 後別
6%
函館市 熊別
5%
浜頓別町 安別
5%
壮瞥町 駒別
5%
むかわ町 茂別
5%
新得町 近別
5%
北広島市 仁別
4%
函館市 矢別
4%
七飯町 久根別
4%
寿都町 湯別
4%
蘭越町 森別
4%
仁木町・根室市 古別
4%
旭川市・幌加内町 江丹別
4%
旭川市・東神楽町・美瑛町 辺別
4%
猿払村 狩別
4%
北見市 塩別
4%
紋別市 藻別(藻鼈)
4%
日高町・平取町・新ひだか町・弟子屈町・別海町・中標津町 春別
4%
帯広市・幕別町 途別
4%
足寄町・陸別町・標津町 薫別
4%
釧路市 徹別
4%
黒松内町 重別
3%
岩見沢市・新篠津村・三笠市 幾春別
3%
芦別市・三笠市 奔別
3%
栗山町・幌加内町 雨煙別
3%
旭川市・東神楽町・上川町・東川町・美瑛町 忠別
3%
士別市 温根別
3%
増毛町 箸別
3%
厚岸町 来別
3%
別海町・中標津町 計根別
3%
八雲町 釜別
2%
せたな町・(古宇郡)泊村 臼別
2%
倶知安町・斜里町 岩尾別
2%
積丹町 余別
2%
当麻町 牛別
2%
東川町 湧駒別(勇駒別)
2%
増毛町 朱文別
2%
稚内市・豊富町・新ひだか町 目梨別
2%
広尾町 音調津
2%
標津町・羅臼町・留別村 植別
2%
札幌市南区・豊頃町 薄別
1%
石狩市 毘砂別
1%
石狩市 群別
1%
黒松内町 添別
1%
真狩村・留寿都村・喜茂別町・猿払村 知来別
1%
真狩村・留寿都村・豊浦町・平取町 貫気別
1%
深川市 入志別
1%
栗山町・羽幌町 築別
1%
旭川市 牛朱別
1%
名寄市・初山別村・釧路市 風連別
1%
富良野市 布礼別
1%
当麻町・陸別町 宇遠別
1%
占冠村 双珠別
1%
苫前町・羽幌町 古丹別
1%
枝幸町 徳志別
1%
枝幸町 毛登別
1%
北見市・佐呂間町 佐呂間別
1%
遠軽町 支湧別
1%
えりも町 歌別
1%
新ひだか町 般別
1%
新ひだか町 威別
1%
大樹町・留別村・紗那村 振別
1%
本別町・足寄町 美里別
1%
足寄町 美利別
1%
釧路市 飽別
1%
浜中町 円朱別
1%
標茶町 雷別
1%
標茶町 虹別
1%
弟子屈町 石狩別
1%
白糠町 縫別
1%
標津町 糸櫛別
1%
留夜別村 音根別
1%
札幌市手稲区 三樽別
0%
江別市 早苗別
0%
江別市・南幌町 志文別
0%
江別市・南幌町 登満別
0%
千歳市 苗別
0%
北広島市 音江別
0%
北広島市 仁井別
0%
石狩市・上川町 真勲別
0%
石狩市 千代志別
0%
当別町 弁華別
0%
今金町 忠志別
0%
蘭越町 湯山別
0%
岩内町 親子別
0%
仁木町 馬群別
0%
夕張市 遠幌加別
0%
夕張市 志幌加別
0%
岩見沢市 利根別
0%
芦別市 幌子芦別
0%
芦別市 惣芦別
0%
三笠市 多寒別
0%
栗山町 葉散別
0%
月形町 須部都
0%
妹背牛町・雨竜町 恵岱別
0%
沼田町 幌新太刀別
0%
士別市・剣淵町 犬牛別
0%
上川町 茅刈別
0%
上川町 双雲別
0%
上川町 奔然別
0%
美瑛町 宇莫別
0%
美瑛町 凡忠別
0%
上富良野町 江幌完別
0%
南富良野町 老根別
0%
南富良野町 十梨別(十無別)
0%
幌加内町 苦頓別
0%
小平町 記念別
0%
小平町 砂寒別(佐官別)
0%
初山別村 茂初山別
0%
初山別村 茂築別
0%
稚内市 鬼切別
0%
浜頓別町 豊寒別
0%
北見市 士気連別
0%
北見市 毛当別
0%
北見市 黒遠別
0%
網走市 浦士別
0%
斜里町 奥蘂別
0%
斜里町・羅臼町 知西別
0%
斜里町 知円別
0%
斜里町・羅臼町 遠音別
0%
遠軽町 幌加湧別
0%
遠軽町 和刈別
0%
室蘭市 知利別
0%
登別市 岡志別
0%
伊達市 気門別(喜門別)
0%
伊達市 徳舜瞥
0%
伊達市 長流別
0%
豊浦町 壮滝別
0%
白老町・帯広市 伏古別
0%
厚真町・むかわ町 入鹿別
0%
平取町 宿主別
0%
平取町 総主別
0%
新ひだか町 和寒別
0%
新ひだか町 捫別
0%
新ひだか町 辺溪別
0%
帯広市 戸蔦別
0%
帯広市・芽室町 雄馬別
0%
池田町 毛根別
0%
豊頃町 礼作別
0%
豊頃町 牛首別
0%
本別町 美蘭別
0%
足寄町 幌加美里別
0%
陸別町 勲袮別
0%
釧路市 仁々志別
0%
釧路市 尻駒別
0%
釧路市 衆音別
0%
釧路市 里音別
0%
釧路町 地嵐別
0%
厚岸町 幌万別
0%
厚岸町 沖万別
0%
厚岸町・別海町 矢臼別
0%
浜中町 左支姉別
0%
浜中町 暮帰別
0%
弟子屈町 最栄利別
0%
白糠町 和天別
0%
別海町 丸別
0%
別海町 西丸別
0%
別海町 清丸別
0%
羅臼町 陸志別
0%
羅臼町 茶志別
0%
(国後郡)泊村 作万別
0%
(国後郡)泊村 秩苅別
0%
留別村 得茂別
0%
留別村 恩根別
0%
蘂取村 平石別
0%
蘂取村 戸板別
0%
No matching quizzes found
Score Distribution
Percent of People with Each Score
Percentile by Number Answered
Your Score History
You have not taken this quiz since the last reset